00489nam a2200145Ia 450000500170000000800410001708200190005824500310007726000390010830000120014750000640015994200060022395200990022999900150032820250305053805.0240331s9999 xx 000 0 und d bBAR22612a920 0aBarathiyaippatti Nanparkal aChennaibVanathi Pathippakamc1982 a267 p., aLife and work of the poet Barathiyar as told by his friends cL 001040708LaWERCLbWERCLcSSCd2024-03-31l0o 894.811 BARp2612r2024-03-31w2024-03-31yL c4225d4225